000 00400nam a2200145Ia 4500
005 20251222153610.0
008 251222s9999||||xx |||||||||||||| ||spa||
020 _a8480044179
082 _a005/C48
100 _aCerrada Somolinos, José A.
245 0 _aIntroducción a la Ingeniería del Sotware
250 _a1ra.ed.
264 _bEditorial Centro de Estudios Ramón Areces, S.A.
942 _cLIB
999 _c31585
_d31585